000 00486nam a2200181Ia 4500
008 230524s9999 xx 000 0 und d
020 _a8125909451
082 _a621.38
_bKUM
100 _aK.Murugesh Kumar
_92467
245 0 _a"Basic Electrical Electronics,Computer & Communication Engineering"
250 _a2ND
260 _aNEW DELHI
_bVikas
_c2000
300 _aXVII;398
500 _aQuantity Number: 1
650 _aElectrical
700 _a V.Jaganathan
_92468
942 _cBK
999 _c4388
_d4388